Normal view
MARC view
- الالتزامات- قوانين وتشريعات- العقود- القانون المدني
Entry Topical Term
001 - CONTROL NUMBER
- control field: 11623
003 - CONTROL NUMBER IDENTIFIER
- control field: JO-AjAnu
005 - DATE AND TIME OF LATEST TRANSACTION
- control field: 20230606072150.0
008 - FIXED-LENGTH DATA ELEMENTS
- fixed length control field: 230606|| aca||aabn | a|a d
040 ## - CATALOGING SOURCE
- Original cataloging agency: JO-AjAnu
- Transcribing agency: JO-AjAnu
150 ## - HEADING--TOPICAL TERM
- Topical term or geographic name entry element: الالتزامات- قوانين وتشريعات- العقود- القانون المدني
670 ## - SOURCE DATA FOUND
- Source citation: Work cat.: (JO-AjAnu)5988: السنهوري، عبد الرزاق أحمد ؛ تنقيح واضافة: مصطفى محمد الفقي, author 11622, الوجيز في شرح القانون المدني الجديد : نظرية الالتزام بوجه عام المصادر- الاثبات- الاثار- الاوصاف- الانتقال- الانقضاء